Histoire de la peinture moderne

Shranjeno v:
Bibliografske podrobnosti
Glavni avtor: Read, Herbert Edward (Author)
Format: Knjiga
Jezik:francoščina
Izdano: París Aimery-Somogy 1960
Teme:
Oznake: Označite
Brez oznak, prvi označite!

MARC

LEADER 00000nam a2200000 a 4500
001 UCX0273
003 CL-VaPUC
008 890905e19600000FR |||||||||||||||||fre|d
082 0 4 |a 759.06  |b REA  |2 21 
100 0 |a Read, Herbert Edward  |e author  |9 315659 
245 1 0 |a Histoire de la peinture moderne 
300 |a 381 p 
942 |c BK 
945 |d 19890905 00:00:00 
260 |a París  |b Aimery-Somogy  |c 1960 
650 7 |a PINTURA MODERNA SIGLO 20  |2 CL-VaPUC  |9 315660 
650 0 |a Historia  |9 255047 
583 |a last modification  |c 19890905 00:00:00  |k Rodrigo Vera 
999 |c 221927  |d 221925 
952 |0 0  |1 0  |4 0  |6 759_060000000000000_REA_1960  |7 0  |8 A  |9 215999  |a BIBHIS  |b BIBHIS  |d 2019-11-15  |i 284558K  |o 759.06 REA 1960  |p 284558K  |r 2025-01-20  |w 2019-11-15  |y BK  |k HIS